000 00650nam a2200205Ia 4500
001 15277
003 GE_BSU
008 181216s||||||||xx |||||||||||||| ||und||
040 _cGE_BSU
080 _a821.353.1-31
100 _aშენგელაია,დემნა
245 _aირმის ნახტომი
245 _cრედ.მ.ბაკურაძე. მხატვ.ზ. ფორჩხიძე
260 _aთბილისი
260 _bსაბჭოთა საქართველო
260 _c1963
300 _a721გვ.21სმ.
653 _aირმის ნახტომი
942 _cBK
999 _c48387
_d48387